The art and politics of film

Αποθηκεύτηκε σε:
Λεπτομέρειες βιβλιογραφικής εγγραφής
Κύριος συγγραφέας: Orr, John 1943-
Μορφή: Βιβλίο
Γλώσσα:English
Δημοσίευση: Edinburgh : Edinburgh University Press, c2000
Θέματα:
Ετικέτες: Προσθήκη ετικέτας
Δεν υπάρχουν, Καταχωρήστε ετικέτα πρώτοι!

MARC

LEADER 00000nam a2200000 i 4500
001 1/100965
008 090210s2000 eng d
020 |a 0-7486-1199-1 
035 |l 10103067 
040 |a GR-MY-UA  |b gre  |e aacr 
041 0 |a eng 
082 0 |a 791.4309045  |2 (22) 
100 1 |a Orr, John  |d 1943- 
245 1 4 |a The art and politics of film /  |c John Orr 
260 |a Edinburgh :   |b Edinburgh University Press,   |c c2000 
300 |a ix, 198 σ.;  |b εικ.;  |c 24 εκ. 
504 |a Βιβλιογραφία: σ. 189-192 
504 |a Ευρετήριο: σ. 193-198 
650 0 0 |a Motion pictures. 
852 |a INST  |b LESVOS  |e 20090210  |h 791.4309045 ORR  |p 005100043836  |q 005100043836  |t BK  |y 0 
901 |a BIBL1-2009-1 
909 |a Λ  |b 153935 
922 |a 1ΕΛΗ  |b 200809  |c ΕΠΕΑΕΚ2/ΠΤΕ  |d ΜΙΧΑΛΟΠΟΥΛΟΣ 
970 |a ΚΑΡΑ  |b ΓΙΑΣΕΜΗ  |z 2009/02/10